Catalog

Record Details

Catalog Search



Park ušľachtilých duší = Park of generous souls / [publikáciu zostavili Miloš Žiak, Ladislav Snopko] ; [preklady do jazyka anglického Denisa Sekerešová] ; [foto Juraj Bartoš ... et al.]

Sekerešová, Denisa (Translator). Snopko, Ladislav (Compiler). Žiak, Miloš (Compiler).

Record details

  • ISBN: 978-80-969192-2-2
  • Physical Description: 159 s. : il. + 1 CD-ROM
  • Publisher: Bratislava : Izraelská obchodná komora na Slovensku, 2007

Available copies

  • 1 of 1 copy available at Common Catalog SPOK.

Holds

  • 0 current holds with 1 total copy.
Show Only Available Copies
Location Call Number / Copy Notes Barcode Shelving Location Status Due Date
Terezin Initiative Institute 5532 4594305532 Knihovna ITI Available -

LDR 01134nam a2200277 a 4500
00127816
003CZ-PrJAB
00520230201101755.0
008080204s2007 xo gr 0 sloo
020 . ‡a978-80-969192-2-2
035 . ‡a(CONS)2638
035 . ‡a(CZ PrSKC)zmp000033771
040 . ‡aABE323 ‡bcze
0410 . ‡aslo ‡aeng
24500. ‡aPark ušľachtilých duší = ‡bPark of generous souls / ‡c[publikáciu zostavili Miloš Žiak, Ladislav Snopko] ; [preklady do jazyka anglického Denisa Sekerešová] ; [foto Juraj Bartoš ... et al.]
24631. ‡aPark of generous souls
260 . ‡aBratislava : ‡bIzraelská obchodná komora na Slovensku, ‡c2007
300 . ‡a159 s. : ‡bil. + ‡e1 CD-ROM
7001 . ‡aSekerešová, Denisa ‡4trl
7001 . ‡aSnopko, Ladislav ‡4com
7001 . ‡aŽiak, Miloš ‡4com
8524 . ‡bJACH-ITI ‡bJACH-ITI ‡cKnihovna ITI ‡j5532 ‡p5532 ‡y$0.00
910 . ‡aABE340 ‡b5532
995 . ‡askok
901 . ‡a27816 ‡bISxN ‡c27816 ‡tbiblio

Additional Resources